📖🕯 150 premiers mots" La légende du roi Marc'h" - Statistiques

Statistiques générales
  • Ce quiz a Ă©tĂ© pris 7 fois
  • Le rĂ©sultat moyen est 71 sur 150
Statistiques - réponses
Mots % Correct
Ă 
100%
elle
100%
et
100%
Il
100%
il
100%
l'
100%
L'
100%
le
100%
Marc'h
100%
Marc'h !
100%
peau
100%
roi
100%
au
75%
Ce
75%
d'
75%
de
75%
des
75%
du
75%
est
75%
était
75%
la
75%
les
75%
n'
75%
ou
75%
oĂą
75%
par
75%
pas
75%
Pas
75%
plus
75%
pour
75%
qu'
75%
que
75%
qui
75%
sa
75%
si
75%
un
75%
une
75%
Yeunig
75%
aussi
50%
Avec
50%
bien
50%
contredira,
50%
dans
50%
disait
50%
fille,
50%
habile
50%
histoire
50%
homme
50%
importe
50%
jour
50%
mains
50%
me
50%
On
50%
on
50%
quel
50%
ses
50%
toutes
50%
visage
50%
assez
25%
étaient
25%
faire
25%
offrir
25%
pays
25%
pouvait
25%
tailler,
25%
argent
0%
barbe
0%
barbier.
0%
barbier
0%
brave
0%
cents ...
0%
choux
0%
ciseaux
0%
coiffeur
0%
coiffure
0%
comptant
0%
coupe-
0%
coupe
0%
coupeur
0%
cruelle.
0%
demandé
0%
démêler
0%
deux
0%
douce
0%
émoussé,
0%
entier
0%
époux,
0%
étudiée,
0%
faisait
0%
fastueuses
0%
friser
0%
gagnait
0%
imperfections
0%
joue
0%
magiques.
0%
merveilles.
0%
noces
0%
non :
0%
nourrisson,
0%
oublier
0%
peigner,
0%
personnel
0%
prendrait
0%
râpeuse
0%
raseur
0%
rendait
0%
réputation,
0%
savamment
0%
telle
0%
tignasse,
0%
tondre,
0%
vulgaire
0%
Aucun quiz correspondant
Distribution des résultats
% des personnes avec chaque résultat
Percentile par nombre de réponses
Votre historique - résultats
Vous n’avez pas pris ce quiz